[Event "DVM U16 2021"]
[Site "Kiel GER"]
[Date "2022.07.23"]
[Round "1"]
[White "Hahn, Peter"]
[Black "Stark, Raphael"]
[Result "1-0"]
[Termination "normal"]
[Board "9.1"]
[WhiteElo "1670"]
[BlackElo "1667"]
[WhiteClock "00:41:51"]
[BlackClock "00:29:16"]
[WhiteTeam "SK Kelheim 1920"]
[BlackTeam "SC Ansbach 1855 e.V."]
[PlyCount "129"]
[WhiteFideId "34627316"]
[BlackFideId "16230043"]
[EventCountry "GER"]
[EventRounds "7"]
[EventType "team-swiss"]
[EventDate "2022.07.22"]

1. d4 {[%clk 01:30:59]} Nf6 {[%clk 01:30:45]} {[%emt 00:00:16]} 2. c4 {[%clk
01:31:25]} {[%emt 00:00:04]} e6 {[%clk 01:31:08]} {[%emt 00:00:07]} 3. Nc3
{[%clk 01:31:48]} {[%emt 00:00:08]} Bb4 {[%clk 01:31:27]} {[%emt 00:00:10]} 4.
Qc2 {[%clk 01:31:52]} {[%emt 00:00:26]} d5 {[%clk 01:30:46]} {[%emt 00:01:11]}
5. cxd5 {[%clk 01:27:05]} {[%emt 00:05:17]} exd5 {[%clk 01:29:18]} {[%emt
00:01:58]} 6. a3 {[%clk 01:26:57]} {[%emt 00:00:38]} Bxc3+ {[%clk 01:28:34]}
{[%emt 00:01:13]} 7. bxc3 {[%clk 01:27:25]} {[%emt 00:00:03]} Ne4 {[%clk
01:28:00]} {[%emt 00:01:03]} 8. e3 {[%clk 01:26:45]} {[%emt 00:01:10]} O-O
{[%clk 01:24:53]} {[%emt 00:03:37]} 9. Bd3 {[%clk 01:23:04]} {[%emt 00:04:12]}
Re8 {[%clk 01:23:01]} {[%emt 00:02:21]} 10. c4 {[%clk 01:20:56]} {[%emt
00:02:39]} c6 {[%clk 01:20:39]} {[%emt 00:02:52]} 11. Ne2 {[%clk 01:19:41]}
{[%emt 00:01:45]} Qa5+ {[%clk 01:18:02]} {[%emt 00:03:07]} 12. Bd2 {[%clk
01:19:45]} {[%emt 00:00:25]} Nxd2 {[%clk 01:18:02]} {[%emt 00:00:30]} 13. Qxd2
{[%clk 01:20:07]} {[%emt 00:00:09]} Qxd2+ {[%clk 01:17:56]} {[%emt 00:00:35]}
14. Kxd2 {[%clk 01:20:30]} {[%emt 00:00:07]} dxc4 {[%clk 01:15:43]} {[%emt
00:02:43]} 15. Bxc4 {[%clk 01:20:59]} {[%emt 00:00:02]} Nd7 {[%clk 01:15:47]}
{[%emt 00:00:26]} 16. a4 {[%clk 01:17:58]} {[%emt 00:03:31]} Nb6 {[%clk
01:13:13]} {[%emt 00:03:04]} 17. Bd3 {[%clk 01:17:19]} {[%emt 00:01:09]} Be6
{[%clk 01:11:22]} {[%emt 00:02:20]} 18. Rhb1 {[%clk 01:16:30]} {[%emt
00:01:19]} Re7 {[%clk 01:10:13]} {[%emt 00:01:39]} 19. Nf4 {[%clk 01:14:25]}
{[%emt 00:02:35]} Bc4 {[%clk 01:07:53]} {[%emt 00:02:51]} 20. a5 {[%clk
01:12:43]} {[%emt 00:02:12]} Bxd3 {[%clk 01:05:53]} {[%emt 00:02:29]} 21. Nxd3
{[%clk 01:12:23]} {[%emt 00:00:50]} Nc4+ {[%clk 01:05:29]} {[%emt 00:00:55]}
22. Ke2 {[%clk 01:07:48]} {[%emt 00:05:04]} Nd6 {[%clk 01:03:21]} {[%emt
00:02:39]} 23. Nc5 {[%clk 01:06:08]} {[%emt 00:02:10]} Nb5 {[%clk 01:03:20]}
{[%emt 00:00:31]} 24. Kd3 {[%clk 01:05:16]} {[%emt 00:01:21]} Rd8 {[%clk
01:01:07]} {[%emt 00:02:42]} 25. Rc1 {[%clk 01:02:59]} {[%emt 00:02:48]} f5
{[%clk 00:57:26]} {[%emt 00:04:11]} 26. a6 {[%clk 01:03:03]} {[%emt 00:00:27]}
b6 {[%clk 00:55:28]} {[%emt 00:02:28]} 27. Nb7 {[%clk 01:03:25]} {[%emt
00:00:08]} Rc8 {[%clk 00:55:10]} {[%emt 00:00:48]} 28. Rab1 {[%clk 01:03:24]}
{[%emt 00:00:31]} Rec7 {[%clk 00:53:27]} {[%emt 00:02:13]} 29. g4 {[%clk
00:55:39]} {[%emt 00:08:14]} Kf8 {[%clk 00:46:11]} {[%emt 00:07:45]} 30. gxf5
{[%clk 00:55:27]} {[%emt 00:00:43]} Ke7 {[%clk 00:45:33]} {[%emt 00:01:09]} 31.
Rg1 {[%clk 00:54:23]} {[%emt 00:01:34]} Kf6 {[%clk 00:45:28]} {[%emt 00:00:34]}
32. Rb3 {[%clk 00:45:42]} {[%emt 00:09:11]} Rd7 {[%clk 00:42:50]} {[%emt
00:03:08]} 33. Rc1 {[%clk 00:45:10]} {[%emt 00:01:02]} Nd6 {[%clk 00:41:27]}
{[%emt 00:01:53]} 34. Nxd6 {[%clk 00:44:54]} {[%emt 00:00:46]} Rxd6 {[%clk
00:41:49]} {[%emt 00:00:08]} 35. e4 {[%clk 00:45:09]} {[%emt 00:00:15]} Rd7
{[%clk 00:41:56]} {[%emt 00:00:24]} 36. Ke3 {[%clk 00:43:56]} {[%emt 00:01:43]}
Rdc7 {[%clk 00:40:30]} {[%emt 00:01:56]} 37. Kf4 {[%clk 00:43:30]} {[%emt
00:00:55]} g5+ {[%clk 00:36:51]} {[%emt 00:04:09]} 38. fxg6 {[%emt 00:00:16]}
hxg6 {[%emt 00:00:14]} 39. e5+ {[%clk 00:42:45]} {[%emt 00:00:44]} Ke6 {[%clk
00:36:12]} {[%emt 00:01:10]} 40. Ke4 {[%emt 00:01:46]} Rh8 {[%clk 00:35:50]}
41. Rxc6+ {[%clk 00:41:38]} {[%emt 00:01:13]} Rxc6 {[%clk 00:35:45]} {[%emt
00:00:35]} 42. d5+ {[%clk 00:42:07]} {[%emt 00:00:01]} Kd7 {[%clk 00:36:08]}
{[%emt 00:00:07]} 43. dxc6+ {[%clk 00:41:00]} {[%emt 00:01:38]} Kxc6 {[%clk
00:35:48]} {[%emt 00:00:50]} 44. Rg3 {[%clk 00:40:46]} {[%emt 00:00:43]} Rxh2
{[%clk 00:33:30]} {[%emt 00:02:48]} 45. Rxg6+ {[%clk 00:41:09]} {[%emt
00:00:07]} Kb5 {[%clk 00:33:34]} {[%emt 00:00:26]} 46. f4 {[%clk 00:41:37]}
Kxa6 {[%clk 00:33:46]} {[%emt 00:00:19]} 47. e6 {[%clk 00:41:36]} {[%emt
00:00:31]} Kb7 {[%clk 00:32:59]} {[%emt 00:01:17]} 48. Rg7+ {[%clk 00:41:35]}
{[%emt 00:00:30]} Ka6 {[%clk 00:30:55]} {[%emt 00:02:35]} 49. Kd3 {[%clk
00:40:22]} {[%emt 00:01:44]} b5 {[%clk 00:29:18]} {[%emt 00:02:06]} 50. e7
{[%clk 00:40:12]} {[%emt 00:00:40]} Rh8 {[%clk 00:29:31]} {[%emt 00:00:17]} 51.
Rg6+ {[%clk 00:40:18]} {[%emt 00:00:24]} Kb7 {[%clk 00:29:46]} {[%emt
00:00:14]} 52. Re6 {[%clk 00:40:13]} {[%emt 00:00:36]} Re8 {[%clk 00:30:04]}
{[%emt 00:00:12]} 53. f5 {[%clk 00:40:41]} {[%emt 00:00:02]} Kc7 {[%clk
00:30:04]} {[%emt 00:00:30]} 54. f6 {[%clk 00:41:06]} {[%emt 00:00:05]} Kd7
{[%clk 00:30:08]} {[%emt 00:00:26]} 55. Ra6 {[%clk 00:40:16]} {[%emt 00:01:21]}
Ra8 {[%clk 00:29:53]} {[%emt 00:00:44]} 56. Kc3 {[%clk 00:40:39]} {[%emt
00:00:07]} Ke8 {[%clk 00:28:21]} {[%emt 00:02:02]} 57. Kb4 {[%clk 00:41:00]}
{[%emt 00:00:09]} Rb8 {[%clk 00:28:20]} {[%emt 00:00:30]} 58. Rxa7 {[%clk
00:41:06]} {[%emt 00:00:25]} Kf7 {[%clk 00:28:45]} {[%emt 00:00:05]} 59. Rd7
{[%clk 00:40:42]} {[%emt 00:00:54]} Rb6 {[%clk 00:28:16]} {[%emt 00:00:58]} 60.
Rd8 {[%clk 00:40:57]} {[%emt 00:00:17]} Re6 {[%clk 00:28:11]} {[%emt 00:00:34]}
61. Rf8+ {[%clk 00:41:18]} {[%emt 00:00:09]} Kg6 {[%clk 00:28:21]} {[%emt
00:00:20]} 62. e8=Q+ {[%emt 00:00:18]} Kh6 {[%clk 00:28:29]} {[%emt 00:00:22]}
63. Qxe6 {[%clk 00:41:35]} {[%emt 00:00:25]} Kh7 {[%clk 00:28:54]} {[%emt
00:00:05]} 64. Qg4 {[%clk 00:41:51]} {[%emt 00:00:14]} Kh6 {[%clk 00:29:16]}
{[%emt 00:00:08]} 65. Rh8# {[%emt 00:00:15]} 1-0

[Event "DVM U16 2021"]
[Site "Kiel GER"]
[Date "2022.07.23"]
[Round "1"]
[White "Troßmann, Max"]
[Black "Gold, Michael"]
[Result "1-0"]
[Termination "normal"]
[Board "9.2"]
[WhiteElo "1785"]
[BlackElo "1383"]
[WhiteClock "00:29:04"]
[BlackClock "01:00:20"]
[WhiteTeam "SC Ansbach 1855 e.V."]
[BlackTeam "SK Kelheim 1920"]
[PlyCount "89"]
[WhiteFideId "16292634"]
[BlackFideId "34605169"]
[EventCountry "GER"]
[EventRounds "7"]
[EventType "team-swiss"]
[EventDate "2022.07.22"]

1. e4 {[%clk 01:30:56]} {[%emt 00:00:04]} c6 {[%clk 01:30:57]} {[%emt
00:00:03]} 2. Nc3 {[%clk 01:30:58]} {[%emt 00:00:29]} g6 {[%clk 01:28:46]}
{[%emt 00:02:41]} 3. d4 {[%clk 01:29:39]} {[%emt 00:01:49]} d5 {[%clk
01:28:56]} {[%emt 00:00:19]} 4. f3 {[%clk 01:24:36]} {[%emt 00:05:33]} e6
{[%clk 01:27:54]} {[%emt 00:01:32]} 5. Be3 {[%clk 01:23:54]} {[%emt 00:01:12]}
Bg7 {[%clk 01:27:49]} {[%emt 00:00:35]} 6. e5 {[%clk 01:17:28]} {[%emt
00:06:56]} Ne7 {[%clk 01:27:06]} {[%emt 00:01:12]} 7. Na4 {[%clk 01:10:56]}
{[%emt 00:07:02]} Nd7 {[%clk 01:23:55]} {[%emt 00:03:42]} 8. b4 {[%clk
01:01:26]} {[%emt 00:10:01]} a5 {[%clk 01:22:59]} {[%emt 00:01:25]} 9. a3
{[%clk 00:56:56]} {[%emt 00:05:00]} Nf5 {[%clk 01:22:04]} {[%emt 00:01:24]} 10.
Bf2 {[%clk 00:56:23]} {[%emt 00:01:04]} Nb6 {[%clk 01:20:28]} {[%emt 00:02:05]}
11. Nc5 {[%clk 00:53:51]} {[%emt 00:03:02]} Nd7 {[%clk 01:19:02]} {[%emt
00:01:57]} 12. c3 {[%clk 00:52:05]} {[%emt 00:02:17]} b6 {[%clk 01:18:02]}
{[%emt 00:01:29]} 13. Nxd7 {[%clk 00:46:58]} {[%emt 00:05:36]} Bxd7 {[%clk
01:18:23]} {[%emt 00:00:09]} 14. Bd3 {[%clk 00:45:32]} {[%emt 00:01:57]} Qg5
{[%clk 01:14:38]} {[%emt 00:04:13]} 15. g3 {[%clk 00:42:31]} {[%emt 00:03:32]}
Ne3 {[%clk 01:11:57]} {[%emt 00:03:11]} 16. Qe2 {[%clk 00:41:47]} {[%emt
00:01:15]} Nf5 {[%clk 01:05:45]} {[%emt 00:06:42]} 17. Nh3 {[%clk 00:40:10]}
{[%emt 00:02:07]} Qe7 {[%clk 01:05:23]} {[%emt 00:00:51]} 18. O-O {[%clk
00:39:33]} {[%emt 00:01:08]} O-O {[%clk 01:05:08]} {[%emt 00:00:45]} 19. f4
{[%clk 00:38:11]} {[%emt 00:01:52]} c5 {[%clk 01:04:20]} {[%emt 00:01:17]} 20.
bxc5 {[%clk 00:35:08]} {[%emt 00:03:33]} bxc5 {[%clk 01:04:24]} {[%emt
00:00:26]} 21. dxc5 {[%clk 00:34:54]} {[%emt 00:00:45]} Rfc8 {[%clk 01:04:39]}
{[%emt 00:00:14]} 22. Bxf5 {[%clk 00:33:26]} {[%emt 00:01:59]} exf5 {[%clk
01:04:39]} {[%emt 00:00:30]} 23. Rab1 {[%clk 00:30:18]} {[%emt 00:03:37]} Rcb8
{[%clk 01:03:13]} {[%emt 00:01:57]} 24. Rfe1 {[%clk 00:29:20]} {[%emt
00:01:27]} Bc8 {[%clk 01:00:55]} {[%emt 00:02:48]} 25. Bd4 {[%clk 00:28:39]}
{[%emt 00:01:11]} Ba6 {[%clk 00:59:57]} {[%emt 00:01:29]} 26. Rxb8+ {[%clk
00:28:39]} {[%emt 00:00:29]} Rxb8 {[%clk 01:00:18]} {[%emt 00:00:08]} 27. Qxa6
{[%clk 00:28:40]} {[%emt 00:00:30]} Rb2 {[%clk 01:00:25]} {[%emt 00:00:22]} 28.
Qa8+ {[%clk 00:28:57]} {[%emt 00:00:14]} Bf8 {[%clk 01:00:49]} {[%emt
00:00:06]} 29. Qxd5 {[%clk 00:29:13]} {[%emt 00:00:14]} h6 {[%clk 00:59:48]}
{[%emt 00:01:32]} 30. e6 {[%clk 00:28:30]} {[%emt 00:01:13]} Kh7 {[%clk
00:59:59]} {[%emt 00:00:19]} 31. Qe5 {[%clk 00:28:23]} {[%emt 00:00:36]} g5
{[%clk 00:59:25]} {[%emt 00:01:05]} 32. Qxf5+ {[%clk 00:28:00]} {[%emt
00:00:52]} Kg8 {[%clk 00:59:43]} {[%emt 00:00:12]} 33. fxg5 {[%clk 00:27:41]}
{[%emt 00:00:50]} Qb7 {[%clk 00:59:38]} {[%emt 00:00:34]} 34. exf7+ {[%clk
00:27:41]} {[%emt 00:00:31]} Qxf7 {[%clk 01:00:00]} {[%emt 00:00:07]} 35. Qxf7+
{[%clk 00:27:41]} {[%emt 00:00:30]} Kxf7 {[%clk 01:00:25]} {[%emt 00:00:05]}
36. Rf1+ {[%clk 00:27:43]} {[%emt 00:00:29]} Ke7 {[%clk 01:00:48]} {[%emt
00:00:06]} 37. g6 {[%clk 00:27:33]} {[%emt 00:00:40]} Ke8 {[%clk 00:59:59]}
{[%emt 00:01:19]} 38. c6 {[%clk 00:27:36]} {[%emt 00:00:27]} Bd6 {[%clk
00:59:42]} {[%emt 00:00:47]} 39. g7 {[%clk 00:27:48]} {[%emt 00:00:18]} Kd8
{[%clk 00:59:51]} {[%emt 00:00:21]} 40. g8=Q+ {[%clk 00:28:03]} {[%emt
00:00:16]} Kc7 {[%clk 01:00:04]} {[%emt 00:00:15]} 41. Qe8 {[%clk 00:28:17]}
{[%emt 00:00:18]} Bxa3 {[%clk 00:59:40]} {[%emt 00:00:54]} 42. Qd7+ {[%clk
00:28:25]} {[%emt 00:00:22]} Kb8 {[%clk 01:00:04]} {[%emt 00:00:06]} 43. Re1
{[%clk 00:28:39]} {[%emt 00:00:16]} Be7 {[%clk 00:59:56]} {[%emt 00:00:38]} 44.
Rxe7 {[%clk 00:28:42]} {[%emt 00:00:27]} Rb1+ {[%clk 01:00:20]} {[%emt
00:00:06]} 45. Kg2 {[%clk 00:29:04]} {[%emt 00:00:08]} 1-0

[Event "DVM U16 2021"]
[Site "Kiel GER"]
[Date "2022.07.23"]
[Round "1"]
[White "Weinberger, Maxim"]
[Black "Stark, Amalia"]
[Result "0-1"]
[Termination "normal"]
[Board "9.3"]
[WhiteElo "1153"]
[BlackElo "1365"]
[WhiteClock "00:58:42"]
[BlackClock "01:07:15"]
[WhiteTeam "SK Kelheim 1920"]
[BlackTeam "SC Ansbach 1855 e.V."]
[PlyCount "70"]
[WhiteFideId "16290330"]
[BlackFideId "16230132"]
[EventCountry "GER"]
[EventRounds "7"]
[EventType "team-swiss"]
[EventDate "2022.07.22"]

1. e4 {[%clk 01:30:58]} {[%emt 00:00:02]} e5 {[%clk 01:30:52]} {[%emt
00:00:08]} 2. Nf3 {[%clk 01:31:22]} {[%emt 00:00:06]} Nf6 {[%clk 01:31:17]}
{[%emt 00:00:06]} 3. Nxe5 {[%clk 01:30:44]} {[%emt 00:01:08]} Nc6 {[%clk
01:31:40]} {[%emt 00:00:06]} 4. Nxc6 {[%clk 01:29:56]} {[%emt 00:01:18]} dxc6
{[%clk 01:32:05]} {[%emt 00:00:05]} 5. Nc3 {[%clk 01:30:14]} {[%emt 00:00:12]}
Bc5 {[%clk 01:32:30]} {[%emt 00:00:05]} 6. Bc4 {[%clk 01:29:52]} {[%emt
00:00:52]} Ng4 {[%clk 01:32:47]} {[%emt 00:00:13]} 7. O-O {[%clk 01:29:06]}
{[%emt 00:01:17]} Qh4 {[%clk 01:33:11]} {[%emt 00:00:06]} 8. h3 {[%clk
01:27:17]} {[%emt 00:02:19]} Nxf2 {[%clk 01:33:34]} {[%emt 00:00:06]} 9. Rxf2
{[%clk 01:21:22]} {[%emt 00:06:26]} Bxf2+ {[%clk 01:33:20]} {[%emt 00:00:44]}
10. Kf1 {[%clk 01:19:01]} {[%emt 00:02:51]} Bd4 {[%clk 01:32:42]} {[%emt
00:01:07]} 11. Qf3 {[%clk 01:18:39]} {[%emt 00:00:53]} Be6 {[%clk 01:31:39]}
{[%emt 00:01:32]} 12. d3 {[%clk 01:16:09]} {[%emt 00:03:00]} O-O-O {[%clk
01:29:49]} {[%emt 00:02:19]} 13. Ne2 {[%clk 01:15:51]} {[%emt 00:00:50]} Bxc4
{[%clk 01:24:02]} {[%emt 00:06:16]} 14. dxc4 {[%clk 01:16:02]} {[%emt
00:00:19]} Bb6 {[%clk 01:23:38]} {[%emt 00:00:54]} 15. Bf4 {[%clk 01:15:23]}
{[%emt 00:01:09]} Kb8 {[%clk 01:20:06]} {[%emt 00:04:02]} 16. b4 {[%clk
01:15:15]} {[%emt 00:00:39]} c5 {[%clk 01:17:57]} {[%emt 00:02:38]} 17. c3
{[%clk 01:14:28]} {[%emt 00:01:18]} Rd7 {[%clk 01:17:01]} {[%emt 00:01:26]} 18.
a4 {[%clk 01:12:48]} {[%emt 00:02:10]} Rhd8 {[%clk 01:16:54]} {[%emt 00:00:37]}
19. Ng3 {[%clk 01:10:22]} {[%emt 00:02:56]} Rd3 {[%clk 01:11:31]} {[%emt
00:05:52]} 20. Be3 {[%clk 01:05:55]} {[%emt 00:04:58]} cxb4 {[%clk 01:11:26]}
{[%emt 00:00:35]} 21. Nf5 {[%clk 01:05:57]} {[%emt 00:00:28]} Qf6 {[%clk
01:10:45]} {[%emt 00:01:10]} 22. Re1 {[%clk 01:01:57]} {[%emt 00:04:30]} Qxc3
{[%clk 01:09:11]} {[%emt 00:02:05]} 23. Qf4 {[%clk 01:00:30]} {[%emt 00:01:57]}
Qxc4 {[%clk 01:07:27]} {[%emt 00:02:12]} 24. Rc1 {[%clk 00:59:09]} {[%emt
00:01:52]} Rd1+ {[%clk 01:05:40]} {[%emt 00:02:17]} 25. Kf2 {[%clk 00:58:38]}
{[%emt 00:01:01]} Rxc1 {[%clk 01:05:40]} {[%emt 00:00:30]} 26. Bxb6 {[%clk
00:58:48]} {[%emt 00:00:19]} axb6 {[%clk 01:05:51]} {[%emt 00:00:20]} 27. Ne3
{[%clk 00:58:42]} {[%emt 00:00:35]} Qa2+ {[%clk 01:05:26]} {[%emt 00:00:56]}
28. Kg3 {[%clk 00:59:01]} {[%emt 00:00:11]} Rc3 {[%clk 01:05:44]} {[%emt
00:00:12]} 29. Kh4 {[%clk 00:58:31]} {[%emt 00:01:00]} h6 {[%clk 01:05:43]}
{[%emt 00:00:30]} 30. Kh5 {[%clk 00:57:18]} {[%emt 00:01:43]} Qe2+ {[%clk
01:06:01]} {[%emt 00:00:12]} 31. g4 {[%clk 00:57:29]} {[%emt 00:00:20]} Qxe3
{[%clk 01:06:10]} {[%emt 00:00:20]} 32. Qxe3 {[%clk 00:57:41]} {[%emt
00:00:18]} Rxe3 {[%clk 01:06:38]} {[%emt 00:00:02]} 33. g5 {[%clk 00:58:02]}
{[%emt 00:00:10]} Rg3 {[%clk 01:06:24]} {[%emt 00:00:43]} 34. h4 {[%clk
00:58:16]} {[%emt 00:00:14]} hxg5 {[%clk 01:06:50]} {[%emt 00:00:07]} 35. hxg5
{[%clk 00:58:42]} {[%emt 00:00:04]} Rh8# {[%clk 01:07:15]} {[%emt 00:00:04]}
0-1

[Event "DVM U16 2021"]
[Site "Kiel GER"]
[Date "2022.07.23"]
[Round "1"]
[White "Lauterbach, Kolja"]
[Black "Fedgenhäuer, Paul"]
[Result "1-0"]
[Termination "normal"]
[Board "10.1"]
[WhiteElo "1663"]
[BlackElo "1354"]
[WhiteClock "00:53:49"]
[BlackClock "00:57:52"]
[WhiteTeam "SK Freiburg-Zähringen 1887 e.V."]
[BlackTeam "SV Grün-Weiß Niederwiesa"]
[PlyCount "41"]
[WhiteFideId "16235916"]
[BlackFideId "34628347"]
[EventCountry "GER"]
[EventRounds "7"]
[EventType "team-swiss"]
[EventDate "2022.07.22"]

1. e4 {[%clk 01:30:56]} {[%emt 00:00:03]} e5 {[%clk 01:30:54]} {[%emt
00:00:06]} 2. Nf3 {[%clk 01:31:21]} {[%emt 00:00:06]} Nf6 {[%clk 01:31:18]}
{[%emt 00:00:07]} 3. Nc3 {[%clk 01:31:03]} {[%emt 00:00:48]} Nc6 {[%clk
01:30:42]} {[%emt 00:01:06]} 4. d4 {[%clk 01:31:24]} {[%emt 00:00:08]} d6
{[%clk 01:30:02]} {[%emt 00:01:10]} 5. Bb5 {[%clk 01:30:15]} {[%emt 00:01:39]}
Bd7 {[%clk 01:28:52]} {[%emt 00:01:41]} 6. O-O {[%clk 01:25:50]} {[%emt
00:04:54]} Be7 {[%clk 01:26:07]} {[%emt 00:03:15]} 7. Re1 {[%clk 01:24:30]}
{[%emt 00:01:49]} O-O {[%clk 01:22:03]} {[%emt 00:04:35]} 8. Bxc6 {[%clk
01:23:58]} {[%emt 00:01:02]} Bxc6 {[%clk 01:22:20]} {[%emt 00:00:14]} 9. dxe5
{[%clk 01:24:20]} {[%emt 00:00:08]} dxe5 {[%clk 01:22:17]} {[%emt 00:00:32]}
10. Qxd8 {[%clk 01:24:45]} {[%emt 00:00:06]} Raxd8 {[%clk 01:22:11]} {[%emt
00:00:35]} 11. Bg5 {[%clk 01:22:05]} {[%emt 00:03:10]} h6 {[%clk 01:20:40]}
{[%emt 00:02:01]} 12. Bh4 {[%clk 01:21:46]} {[%emt 00:00:49]} Bd6 {[%clk
01:19:28]} {[%emt 00:01:41]} 13. Bxf6 {[%clk 01:17:42]} {[%emt 00:04:35]} gxf6
{[%clk 01:19:50]} {[%emt 00:00:09]} 14. Nh4 {[%clk 01:16:42]} {[%emt 00:01:30]}
Bb4 {[%clk 01:16:48]} {[%emt 00:03:31]} 15. Nf5 {[%clk 01:11:42]} {[%emt
00:05:30]} Kh7 {[%clk 01:12:24]} {[%emt 00:04:54]} 16. Re3 {[%clk 01:03:42]}
{[%emt 00:08:30]} Rd2 {[%clk 01:11:48]} {[%emt 00:01:05]} 17. Rc1 {[%clk
00:56:17]} {[%emt 00:07:56]} Rfd8 {[%clk 01:10:19]} {[%emt 00:01:58]} 18. Kf1
{[%clk 00:54:28]} {[%emt 00:02:20]} Bxc3 {[%clk 01:00:12]} {[%emt 00:10:37]}
19. bxc3 {[%clk 00:54:37]} {[%emt 00:00:21]} Bb5+ {[%clk 00:59:26]} {[%emt
00:01:15]} 20. Ke1 {[%clk 00:54:19]} {[%emt 00:00:48]} Bc4 {[%clk 00:57:52]}
{[%emt 00:02:04]} 21. a3 {[%clk 00:53:49]} {[%emt 00:01:01]} 1-0

[Event "DVM U16 2021"]
[Site "Kiel GER"]
[Date "2022.07.23"]
[Round "1"]
[White "Müller, Yannik"]
[Black "Miller, Konstantin"]
[Result "0-1"]
[Termination "normal"]
[Board "10.2"]
[WhiteElo "1323"]
[BlackElo "1790"]
[WhiteClock "00:31:46"]
[BlackClock "01:06:02"]
[WhiteTeam "SV Grün-Weiß Niederwiesa"]
[BlackTeam "SK Freiburg-Zähringen 1887 e.V."]
[PlyCount "84"]
[WhiteFideId "16294750"]
[BlackFideId "34628380"]
[EventCountry "GER"]
[EventRounds "7"]
[EventType "team-swiss"]
[EventDate "2022.07.22"]

1. d4 {[%clk 01:30:58]} {[%emt 00:00:01]} d5 {[%clk 01:30:52]} {[%emt
00:00:09]} 2. c4 {[%clk 01:31:22]} {[%emt 00:00:06]} e6 {[%clk 01:31:15]}
{[%emt 00:00:06]} 3. Nc3 {[%clk 01:31:46]} {[%emt 00:00:06]} Nf6 {[%clk
01:31:31]} {[%emt 00:00:14]} 4. Bg5 {[%clk 01:32:09]} {[%emt 00:00:08]} Nbd7
{[%clk 01:31:43]} {[%emt 00:00:18]} 5. Nf3 {[%clk 01:32:22]} {[%emt 00:00:17]}
c6 {[%clk 01:32:04]} {[%emt 00:00:10]} 6. e3 {[%clk 01:32:36]} {[%emt
00:00:15]} Qa5 {[%clk 01:32:15]} {[%emt 00:00:18]} 7. a3 {[%clk 01:31:53]}
{[%emt 00:01:14]} dxc4 {[%clk 01:29:10]} {[%emt 00:03:34]} 8. Bxc4 {[%clk
01:27:23]} {[%emt 00:05:00]} Ne4 {[%clk 01:27:06]} {[%emt 00:02:34]} 9. b4
{[%clk 01:13:18]} {[%emt 00:14:36]} Nxc3 {[%clk 01:26:50]} {[%emt 00:00:46]}
10. bxa5 {[%clk 01:13:37]} {[%emt 00:00:12]} Nxd1 {[%clk 01:27:11]} {[%emt
00:00:08]} 11. Rxd1 {[%clk 01:14:02]} {[%emt 00:00:05]} Bxa3 {[%clk 01:26:51]}
{[%emt 00:00:49]} 12. O-O {[%clk 01:14:15]} {[%emt 00:00:18]} O-O {[%clk
01:26:40]} {[%emt 00:00:41]} 13. Rb1 {[%clk 01:10:36]} {[%emt 00:04:08]} Bd6
{[%clk 01:23:27]} {[%emt 00:03:43]} 14. Nd2 {[%clk 01:02:16]} {[%emt 00:08:50]}
Bc7 {[%clk 01:21:23]} {[%emt 00:02:34]} 15. Ra1 {[%clk 00:55:23]} {[%emt
00:07:24]} e5 {[%clk 01:20:31]} {[%emt 00:01:22]} 16. Nb3 {[%clk 00:45:20]}
{[%emt 00:10:33]} Re8 {[%clk 01:15:16]} {[%emt 00:05:44]} 17. Rfd1 {[%clk
00:41:26]} {[%emt 00:04:24]} Nf8 {[%clk 01:08:08]} {[%emt 00:07:38]} 18. Rd2
{[%clk 00:38:58]} {[%emt 00:02:58]} Be6 {[%clk 01:05:03]} {[%emt 00:03:35]} 19.
Bxe6 {[%clk 00:37:41]} {[%emt 00:01:47]} Nxe6 {[%clk 01:05:24]} {[%emt
00:00:10]} 20. Bh4 {[%clk 00:37:10]} {[%emt 00:00:59]} exd4 {[%clk 01:05:16]}
{[%emt 00:00:39]} 21. Nxd4 {[%clk 00:37:20]} {[%emt 00:00:20]} Nxd4 {[%clk
01:05:38]} {[%emt 00:00:08]} 22. exd4 {[%clk 00:37:13]} {[%emt 00:00:38]} Bxa5
{[%emt 00:00:30]} 23. Rdd1 {[%clk 00:36:22]} {[%emt 00:01:16]} Bb6 {[%clk
01:05:42]} {[%emt 00:00:29]} 24. d5 {[%clk 00:36:03]} {[%emt 00:00:50]} cxd5
{[%clk 01:03:04]} {[%emt 00:03:09]} 25. Rxd5 {[%clk 00:36:16]} {[%emt
00:00:16]} Bd8 {[%clk 01:03:06]} {[%emt 00:00:27]} 26. Bg3 {[%clk 00:34:59]}
{[%emt 00:01:48]} Bf6 {[%clk 01:03:22]} {[%emt 00:00:13]} 27. Rad1 {[%clk
00:32:41]} {[%emt 00:02:48]} Rad8 {[%clk 01:03:39]} {[%emt 00:00:14]} 28. f3
{[%clk 00:31:45]} {[%emt 00:01:26]} Rxd5 {[%clk 01:03:35]} {[%emt 00:00:35]}
29. Rxd5 {[%clk 00:32:04]} {[%emt 00:00:10]} Rd8 {[%clk 01:03:43]} {[%emt
00:00:22]} 30. Rxd8+ {[%clk 00:31:31]} {[%emt 00:01:03]} Bxd8 {[%clk 01:04:07]}
{[%emt 00:00:07]} 31. Kf2 {[%clk 00:31:25]} {[%emt 00:00:35]} Kf8 {[%clk
01:04:24]} {[%emt 00:00:13]} 32. Ke3 {[%clk 00:31:47]} {[%emt 00:00:07]} Ke7
{[%clk 01:04:44]} {[%emt 00:00:10]} 33. Kd4 {[%clk 00:31:57]} {[%emt 00:00:21]}
Kd7 {[%clk 01:04:58]} {[%emt 00:00:14]} 34. Kd5 {[%clk 00:32:02]} {[%emt
00:00:27]} Be7 {[%clk 01:04:42]} {[%emt 00:00:46]} 35. Bf2 {[%clk 00:32:10]}
{[%emt 00:00:21]} a6 {[%clk 01:04:49]} {[%emt 00:00:24]} 36. Bd4 {[%clk
00:32:10]} {[%emt 00:00:29]} g6 {[%clk 01:05:12]} {[%emt 00:00:08]} 37. h3
{[%clk 00:32:18]} {[%emt 00:00:22]} b5 {[%clk 01:05:26]} {[%emt 00:00:16]} 38.
g3 {[%clk 00:31:37]} {[%emt 00:01:11]} a5 {[%clk 01:04:57]} {[%emt 00:00:59]}
39. Bc5 {[%clk 00:31:44]} {[%emt 00:00:22]} Bxc5 {[%clk 01:05:20]} {[%emt
00:00:08]} 40. Kxc5 {[%clk 00:31:59]} {[%emt 00:00:15]} b4 {[%clk 01:05:43]}
{[%emt 00:00:07]} 41. Kc4 {[%clk 00:31:41]} {[%emt 00:00:48]} Kd6 {[%clk
01:06:04]} {[%emt 00:00:09]} 42. f4 {[%clk 00:31:46]} {[%emt 00:00:24]} f5
{[%clk 01:06:02]} {[%emt 00:00:32]} 0-1